Divisiones y ramos terminales de trigémino - Estadísticas

Estadísticas generales
  • Esta prueba ha sido intentada 13 veces
  • La puntuación promedio es 8 de 28
Estadísticas de respuestas
Descripción Respuesta % Correcto
La rama más corta del trigémino, tiene fibras aferentes somáticas generales, pasa por la fisura orbitaria superior. Oftálmico (V1)
80%
Ramo terminal del nervio maxilar. Se divide en varior ramos terminales: los ramos nasales externos (inervan alas), ramos nasales internos (inervan tabique), ramos labiales superiores (inervan labio superior), ramos palpebrales inferiores (inervan párpados inferiores). Infraorbitario
60%
El ramo más pequeño del V1, inerva la glándula lagrimal. Lleva información sensitiva y conduce la información simpática y parasimpática, esta información proviene del tronco simpático mediante el ganglio cervical superior. Hace anastomosis con el nervio troclear (par IV) y con la rama cigomática de V2. Lagrimal
60%
La rama más larga del trigémino, tiene fibras aferentes somáticas generales y fibras eferentes branquiales, pasa por el agujero oval. Tiene tanto raíz motora como raíz sensorial, inerva los músculos de masticación (el masetero, el temporal, los pterigoideos medial y lateral, la porción anterior del digástrico y los músculos milohioideos, como así también los músculos tensor del velo del paladar –en el paladar blando– y tensor del tímpano, en el oído medio) Mandibular (V3)
60%
La rama intermedia del trigémino, tiene fibras aferentes somáticas generales, pasa por el agujero redondo. Penetra en la fosa pterigopalatina, donde emite ramos para el ganglio pterigopalatino, y continúa anteriormente para penetrar en la órbita a través de la fisura orbitaria inferior. Maxilar (V2)
60%
Inerva la conjuntiva y la piel del párpado superior. Se dirige en dirección anterior superior al músculo elevador del párpado superior . Sale de la órbita a través del agujero/escote supraorbitario en el margen superior de la órbita, saliendo lateralmente al nervio supratroclear . Luego asciende hacia la frente en dirección profunda al músculo corrugador superciliar y los músculos frontales . Supraorbitario
60%
Surge en la fosa pterigopalatina, cursando anterior y lateralmente. Pasa a través de la porción superior de la fisura pterigomaxilar e ingresa a la fosa infratemporal. Atraviesa la fisura orbitaria inferior e ingresa a la órbita. Dentro de la órbita, el nervio transcurre lateral a su pared, y luego ingresa al conducto presente en el hueso cigomático donde se anastomosa con el nervio lagrimal por medio de una rama comunicante. Cigomático
40%
Proporciona inervación sensorial al seno esfenoidal y al seno etmoidal , y a parte de la duramadre en la fosa craneal anterior. Etmoidal posterior
40%
El ramo más voluminoso del V1, se distribuye en la frente, muscosa de los senos frontales, piel de los párpados y el cuero cabelludo. Frontal
40%
El ramo de tamaño intermedio del V1, pasa entre las dos cabezas del músculo recto lateral y entre las ramas superior e inferior del nervio motor ocular común, luego corre oblicuamente inferior al músculo recto superior y el músculo oblicuo superior hasta la pared medial de la cavidad orbitaria. Produce el reflejo corneal. Nasociliar
40%
Surge de una pequeña asa compuesta por las dos raíces que rodean a la arteria meníngea media, pasa por el ganglio ótico. Auriculotemporal
20%
Va hacia anterior, inerva la piel de la mejilla formando un plexo nervioso con las ramas cigomáticas del nervio facial (VII) y los ramos palpebrales inferiores del nervio maxilar (V2). Cigomáticofacial
20%
Va hacia posterior Cigomáticotemporal
20%
Entran en el globo ocular para proporcionar inervación sensorial a partes del ojo e inervación motora visceral simpática al músculo dilatador de la pupila junto con el nervios ciliares cortos. Ciliares largos
20%
Proporciona inervación sensorial a parte de las meninges, partes de la cavidad nasal y parte de la piel de la nariz. Continúa como nervio nasal externo más allá del margen inferior del hueso nasal. Etmoidal anterior
20%
Sale de la órbita por debajo de la tróclea del oblicuo superior. Proporciona inervación sensorial a las estructuras de la órbita y a la piel de las estructuras adyacentes Infratroclear
20%
Comunica con un ganglio que tiene los nervios ciliares cortos que transmiten señales sensoriales hacia el nervio trigémino, y hacen anastomosis con la rama nasociliar. Rama comunicante al ganglio ciliar
20%
Participan de la formación del plexo que inerva a los dientes. Inerva premolares. Ramos alveolares superiores anteriores
20%
Participan de la formación del plexo que inerva a los dientes, frecuentemente estan ausentes. Ramos alveolares superiores medios
20%
Participan de la formación del plexo que inerva a los dientes superiores o maxilares. Surgen dentro de la fosa pterigopalatina como un solo tronco. Inerva molares. Ramos alveolares superiores posteriores
20%
Inervan la conjuntiva y la piel del párpado superior. Pasa por encima de la tróclea del músculo oblicuo superior. Supratroclear
20%
Desciende pasando el músculo pterigoideo lateral. Cursa entre la rama de la mandíbula y el ligamento esfenomandibular para atravesar el foramen mandibular e ingresar al conducto mandibular. Dentro del conducto continúa como el nervio mentoniano. El nervio mentoniano luego atraviesa el foramen mentoniano de la mandíbula para inervar el labio inferior. Alveolar inferior
0%
Cursa entre las cabezas del músculo pterigoideo lateral, desciende sobre el masetero y se anastomosa con los ramos bucales del nervio facial (VII). Inerva la piel de la mejilla y la mucosa oral. Bucal
0%
Pasa por el músculo pterigoideo lateral, se une con la cuerda del tímpano. Cursa sobre el músculo pterigoideo medial en dirección a la rama de la mandíbula. Proporciona la inervación sensitiva a los dos tercios anteriores de la lengua, al piso de la cavidad oral y a la encía mandibular. Lingual
0%
Pasa anterior a la articulación temporomandibular, proporcionando un ramo que la inerva, y luego cursa posterior al tendón del músculo temporal. Perfora la cara profunda del masetero, a quien inerva. Maseterino
0%
Ingresa al conducto palatino mayor siguiendo a la arteria palatina mayor. Abandona el conducto a través del foramen palatino mayor junto con la arteria, ingresa al área de la fosa incisiva donde se anastomosa con el nervio palatino mayor contralateral y con el nervio nasopalatino. Inerva a la mucosa del paladar duro. Palatino mayor
0%
Descienden juntos con el mayor a través de la fosa pterigopalatina. Allí, se separan y transcurren posteriormente a través de los conductos óseos para finalmente inervar el paladar blando. Palatinos menores (2)
0%
Inervan el músculo temporal. Los anteriores salen del nervio bucal, los posteriores salen directamente del nervio mandibular. Temporales profundos
0%
No se encontraron pruebas coincidentes
Distribución de puntuación
Porcentaje de gente con cada puntuación
Porcentaje por número respondido
Historial de tus puntuaciones
No has intentado esta prueba.